[Event "Seville op 44th"]
[Site "Seville"]
[Date "2019.01.11"]
[Round "1"]
[White "Ertan, Can"]
[Black "Munoz Jorva, Miguel Angel"]
[Result "1-0"]
[WhiteElo "2421"]
[BlackElo "1745"]
[PlyCount "27"]
[EventDate "2019.01.11"]
[EventType "swiss"]
[EventRounds "9"]
[EventCountry "ESP"]
[SourceTitle "CBM 188 Extra"]
[Source "ChessBase"]
[SourceDate "2019.02.28"]
[SourceVersion "1"]
[SourceVersionDate "2019.02.28"]
[SourceQuality "1"]

1. e4 d5 2. exd5 Qxd5 3. Nc3 Qd8 4. d4 c6 5. Bc4 Bf5 6. d5 Nf6 7. Bf4 Ne4 8. Nge2 Qb6 9. 0-0 Nxc3 10. Nxc3 Qxb2 11. Qf3 Qb4 12. Bb3 e6 13. Rab1 Qd4 14. dxc6 1-0

[Event "Andalucia-ch"]
[Site "Lucena"]
[Date "2012.05.01"]
[Round "9"]
[White "Orantes Taboada, Manuel"]
[Black "Munoz Jorva, Miguel Angel"]
[Result "1-0"]
[WhiteElo "1951"]
[BlackElo "1924"]
[PlyCount "157"]
[EventDate "2012.04.26"]
[EventType "swiss"]
[EventRounds "9"]
[EventCountry "ESP"]
[SourceTitle "EXT 2013"]
[Source "ChessBase"]
[SourceDate "2012.11.22"]
[SourceVersion "1"]
[SourceVersionDate "2012.11.22"]
[SourceQuality "1"]

1. e4 c5 2. Nc3 Nc6 3. g3 g6 4. Bg2 Bg7 5. d3 e5 6. f4 exf4 7. Bxf4 Ne5 8. Nf3 d6 9. Nxe5 dxe5 10. Be3 b6 11. 0-0 Ne7 12. Bg5 Qd6 13. Qf3 0-0 14. a4 a6 15. Bxe7 Qxe7 16. Rf2 Be6 17. Qe2 Ra7 18. Raf1 Qd7 19. Ra1 Bg4 20. Bf3 Be6 21. Bg2 Qd6 22. Qf1 Qd7 23. h4 h5 24. Kh2 Raa8 25. Bh3 f5 26. Qe2 Rf7 27. exf5 Bxf5 28. Bxf5 Rxf5 29. Rxf5 Qxf5 30. Rf1 Qe6 31. Qe4 Rf8 32. Rxf8+ Bxf8 33. Qd5 Qxd5 34. Nxd5 b5 35. Ne3 b4 36. Nd1 Kf7 37. Kg2 Ke6 38. Kf3 Be7 39. Ke4 g5 40. hxg5 Bxg5 41. c3 b3 42. d4 cxd4 43. cxd4 exd4 44. Kxd4 h4 45. gxh4 Bxh4 46. Kc4 Be1 47. Nc3 Kd6 48. Ne4+ Kc6 49. Nc5 Kb6 50. Nxb3 Bf2 51. Nd2 Be1 52. Ne4 Bh4 53. Nc5 Be7 54. Nd3 Bd6 55. b4 Be7 56. Nf4 Bg5 57. Ne6 Be7 58. Nd4 Bf6 59. a5+ Kb7 60. Ne6 Be7 61. Nc5+ Ka7 62. Kd5 Bg5 63. Kc6 Be7 64. Nd3 Bf8 65. Kc7 Be7 66. Ne5 Bf8 67. Nc6+ Ka8 68. Kb6 Bd6 69. Kxa6 Bc7 70. b5 Bb6 71. Nb4 Bc5 72. Nd5 Kb8 73. b6 Bd4 74. Nb4 Bc5 75. Nc6+ Kc8 76. b7+ Kc7 77. b8Q+ Kxc6 78. Qb5+ Kd5 79. Qxc5+ 1-0

[Event "Malaga op 14th"]
[Site "Malaga"]
[Date "2011.04.29"]
[Round "1"]
[White "Munoz Jorva, Miguel Angel"]
[Black "Gonzalez Perez, Arian"]
[Result "0-1"]
[WhiteElo "1921"]
[BlackElo "2448"]
[PlyCount "56"]
[EventDate "2011.04.29"]
[EventType "swiss"]
[EventRounds "7"]
[EventCountry "ESP"]
[SourceTitle "CBM 142 Extra"]
[Source "ChessBase"]
[SourceDate "2011.06.27"]
[SourceVersion "1"]
[SourceVersionDate "2011.06.27"]
[SourceQuality "1"]

1. d4 Nf6 2. c4 g6 3. Nc3 Bg7 4. e4 d6 5. f4 0-0 6. Nf3 c5 7. d5 e6 8. dxe6 fxe6 9. Bd3 Nc6 10. 0-0 Nd4 11. Ng5 e5 12. f5 h6 13. Nh3 gxf5 14. exf5 b5 15. Nd5 Nxd5 16. cxd5 c4 17. Be4 Qh4 18. Nf2 Bxf5 19. g3 Qe7 20. Qh5 Bxe4 21. Nxe4 Rxf1+ 22. Kxf1 Rf8+ 23. Kg2 Qb7 24. Bxh6 Qxd5 25. Qg4 Nf5 26. Rd1 Qe6 27. Qg5 Qxh6 28. Qxh6 Bxh6 0-1